Tecnología 3 : operadores electrónicos y control

Gespeichert in:
Bibliographische Detailangaben
Weitere Verfasser: Almaraz Martín, Ángel
Format: Buch
Sprache:Spanisch
Erschienen: Madrid [etc.] : McGraw-Hill, 1992
Katalog:MANES:  Suchergebnis im Bibliothekskatalog
Schulbuchspezifische Eigenschaften:
Schlagworte:
Tags: Tag hinzufügen
Keine Tags, Fügen Sie den ersten Tag hinzu!
Hinzugefügt zu:29.10.2001
Geändert in:07.05.2025

MARC

LEADER 00000cam a2200000 i 4500
005 20250507134415.0
008 011030s1992 espa fp 000 0 spa d
020 |a 844810014X 
040 |a uned  |b spa  |c entro-manes 
245 0 0 |a Tecnología 3 :   |b operadores electrónicos y control /   |c Angel Almaraz Martín ... [et al.] ; revisión técnica Antonio Domínguez Vas 
260 |a Madrid [etc.] :   |b McGraw-Hill,   |c 1992 
300 |a 223 p. :   |b il. 
500 |a Educación Secundaria Obligatoria 
546 |a España 
561 |5 es-BUNED  |3 L.T.M. 1858  |a España. Fondo Manes UNED  |k MANES 
650 7 |a Tecnología  |9 28445 
700 1 |a Almaraz Martín, Ángel  |9 37770 
942 |2 ddc  |c BK 
999 |c 93752  |d 93752 
999 |c manes:93752  |d 93752